000 00398 a2200157 4500
001 71223
020 _a8526700030
040 _cAnchieta - Colégio São Paulo
100 _aSilva, Sérgio Luiz de Oliveira
240 1 0 _aBranca de Neve e os sete anões
_lpor
245 1 0 _aBranca de Neve e os sete anões
300 _a24
362 0 _a1995
650 4 _aLiteratura infanto-juvenil
942 _cBK
999 _c71223
_d71223